Quick Pick: HIMYM Stars By Other Roles Quiz Stats

 Plays Quiz Updated Jul 1, 2019

Score 0/6 Timer 00:45
4 Plays Today
% Correct
Neil Patrick Harris
92.9%
Alyson Hannigan
86.2%
Cobie Smulders
75.9%
Jason Segel
73.2%
Cristin Milioti
72.8%
Josh Radnor
59.4%

Today's Daily Dose

You're not logged in!

Compare scores with friends on all Sporcle quizzes.
OR
Log In

Show Comments

Extras

Top Quizzes Today


Score Distribution

Your Account Isn't Verified!

In order to create a playlist on Sporcle, you need to verify the email address you used during registration. Go to your Sporcle Settings to finish the process.

Report this User

Report this user for behavior that violates our Community Guidelines.

Details: